000 00791nam a2200277Ia 4500
003 OSt
005 20220925223418.0
006 a|||||r|||| 00| 0
007 ta
008 220923b |||||||| |||| 00| 0 eng d
020 _a0415223563
037 _cGeneral Book
040 _aRTL
_cRTL
_beng
041 _2eng
_aeng
082 _aY9(L87), P1
100 _aAhmed Sara
_931844
245 0 _aThinking through the skin
260 _aLondon
_bRoutledge
_c2001
300 _ax,241p
_ccm.
490 _aTransfromations: Thinking Through Feminism
500 _aBibliography chapterwise
650 _aSociology of Medicine
700 _a Stacey Jackie Ed.
_9289601
942 _hY9(L87), P1
_cGB
_2CC
999 _c579481
_d579481